Culture Générale - Série 1810 - Statistiques

Statistiques générales
  • Ce quiz a été pris 121 fois
  • Le résultat moyen est 5 sur 10
Statistiques - réponses
Question Réponse % Correct
Dans quel pays se situe l'Anapurna dans la chaîne de l'Himalaya ? Népal
84%
Quel détroit sépare la Sibérie et l’Alaska ? Behring
76%
Qui est la bête dans La Belle et la Bête de Jean Cocteau ? Jean Marais
62%
Reus est une ville espagnole dans la communauté autonome de .... Catalogne
61%
Quel footballeur français était surnommé "l'ange vert" ? Dominique Rocheteau
61%
Quel est le nom de la frégate sur laquelle embarqua le marquis de La Fayette pour rallier les insurgés d’Amérique en 1780 ? Hermione
40%
Ce mot désigne la trace que les roues de voitures creusent dans les chemins. Au sens figuré, il signifie "chemin tout tracé, habituel" "routine" ornière
40%
Comment appelle-t-on le résidu sirupeux de la cristallisation du sucre ? mélasse
31%
Dans quel domaine le prix Pritzker est-il décerné ? architecture
24%
Quelle rivière se jette dans l'Isère en aval de Grenoble ? Drac
8%
Aucun quiz correspondant
Distribution des résultats
% des personnes avec chaque résultat
Percentile par nombre de réponses
Votre historique - résultats
Vous n’avez pas pris ce quiz